000 00267nam a2200109Ia 4500
008 200302s9999 xx 000 0 und d
100 _aWill Pryce
245 _aBigshed 240 Illustrations 228 in Color
260 _bThames and Hudson Lt.
260 _c2007
300 _a304
999 _c6431
_d6431